Les buteurs en Ligue des Champions - Mort subite - Statistiques

Statistiques générales
  • Ce quiz a été pris 13 337 fois
  • Le résultat moyen est 5 sur 20
Answers on the Grid
Answers color-coded by a green-red scale on the quiz's grid according to % correct below.
Cristiano Ronaldo
Franck Ribéry
Lionel Messi
Zlatan Ibrahimovic
Miroslav Klose
Ronaldo
Zinédine Zidane
Mohamed Salah
Thierry Henry
David Villa
Thomas Müller
Sonny Anderson
Karim Benzema
Eden Hazard
Radamel Falcao
Ferenc Puskas
Robert Lewandowski
Adriano
George Weah
Sergio Aguero
Ruud Van Nistelrooy
Didier Drogba
Edinson Cavani
Just Fontaine
Sadio Mané
Clarence Seedorf
Emmanuel Adebayor
Paulo Dybala
Antoine Griezmann
Ronaldinho
Filippo Inzaghi
Romelu Lukaku
Diego Milito
Gerd Müller
Sergio Ramos
Bobby Charlton
Fernando Torres
Gareth Bale
Kingsley Coman
Raul
 
Statistiques - réponses
Réponse % Correct
Cristiano Ronaldo
95%
Lionel Messi
57%
Zlatan Ibrahimovic
40%
Mohamed Salah
30%
Karim Benzema
29%
Robert Lewandowski
27%
Thierry Henry
25%
Thomas Müller
20%
Antoine Griezmann
18%
Raul
17%
Edinson Cavani
14%
Ruud Van Nistelrooy
14%
Didier Drogba
13%
Sergio Aguero
13%
Filippo Inzaghi
10%
Sadio Mané
9%
Gareth Bale
8%
Gerd Müller
7%
Ferenc Puskas
6%
Fernando Torres
4%
Aucun quiz correspondant
Distribution des résultats
% des personnes avec chaque résultat
Percentile par nombre de réponses
Votre historique - résultats
Vous n’avez pas pris ce quiz